| 000 | 00654cam a2200229 4500 | ||
|---|---|---|---|
| 008 | 090401t1993 xxu||||| |||| 00| 0 eng d | ||
| 020 | _a0901151785 | ||
| 035 | _a(Sirsi) u41488 | ||
| 041 | _aeng | ||
| 050 | _a711.52 | ||
| 110 |
_aRoyal Town Planning Institute _91206 |
||
| 245 | 4 | _aThe character of conservation areas. Volume II: Supporting information appendices and references. | |
| 260 |
_aLondon _bRTPI _c1993 |
||
| 300 | _a49p. ; 30cm. | ||
| 350 | _a11.5 | ||
| 650 | _aCHESTERTON CONSULTING | ||
| 650 | _aCONSERVATION AREAS | ||
| 650 | _aUNIVERSITY OF CENTRAL ENGLAND | ||
| 690 | _aCONSERVATION | ||
| 942 | _n0 | ||
| 948 | _c04/03/1997 | ||
| 999 |
_c90943 _d90943 |
||